| 000 | 01507nam a2200349 i 4500 | ||
|---|---|---|---|
| 001 | 102183 | ||
| 003 | ES-MaACL | ||
| 005 | 20251106130743.0 | ||
| 007 | t| | ||
| 008 | 051107s1906 sp |||| | spa d | ||
| 100 | 1 |
_aMenéndez y Pelayo, Marcelino, _d1856-1912 _980332 |
|
| 245 | 1 | 4 |
_aOdas, epístolas y tragedias / _cde D. Marcelino Menéndez y Pelayo ; con una introducción de D. Juan Valera [y Alcalá Galiano]. |
| 250 | _a2ª ed. | ||
| 260 |
_aMadrid : _b[s.n.], _c1906 ( _fImp. de la Viuda e Hijos de M. Tello) |
||
| 300 |
_aLXXXV, 328, 12 p. ; _c17 cm. |
||
| 490 | 1 |
_aColección de escritores castellanos ; _v5 |
|
| 490 | 1 | _aObras completas de D. Marcelino Menéndez y Pelayo | |
| 505 | 8 | _aContiene: Introducción . Odas y epístolas ; Dos tragedias de Esquilo: Los siete sobre Tebas; Prometeo encadenado ; El Oaristys . Apéndice . Poesías añadidas en esta edición | |
| 530 | _aDisponible en formato digital. | ||
| 700 | 0 |
_aEsquilo. _947970 |
|
| 700 | 1 |
_aValera, Juan, _d1824-1905 _9112638 |
|
| 700 | 1 |
_aAlcalá Galiano, Antonio, _d1789-1865 _919459 |
|
| 740 | 4 | 2 | _aLos siete sobre Tebas. |
| 740 | 0 | 2 | _aPrometeo encadenado. |
| 740 | 3 | 2 | _aEl Oaristys. |
| 830 | 1 |
_aColección de escritores castellanos ; _v5 _9180741 |
|
| 830 | 1 | 0 |
_aObras completas de M. Menéndez y Pelayo _9221933 |
| 852 |
_aES-MaACL _jF-12641 _cSPP2 |
||
| 856 | 4 |
_uhttp://bdh-rd.bne.es/viewer.vm?id=0000231869&page=1 _y(Biblioteca Digital Hispánica) |
|
| 942 | _2udc | ||
| 999 |
_c102183 _d102183 |
||